Giáo trình Triết học Mác - Lênin /
Vai tro triet hoc trong đoi song xa hoi,vat chat ,y thuc,ly luan nhan thuc
Kaydedildi:
| Yazar: | |
|---|---|
| Diğer Yazarlar: | |
| Materyal Türü: | Kitap |
| Dil: | Vietnamese |
| Baskı/Yayın Bilgisi: |
-H :
Chính tri quoc gia,
2005.
|
| Konular: | |
| Etiketler: |
Etiketle
Etiket eklenmemiş, İlk siz ekleyin!
|
| Thư viện lưu trữ: | Mạng thư viện Đại học Đà Nẵng |
|---|
| LEADER | 01450cam a22003491a 4500 | ||
|---|---|---|---|
| 001 | 000036319 | ||
| 003 | 12614 | ||
| 005 | 20230524073709.0 | ||
| 008 | 160331s2005 vm 000 vie | ||
| 040 | |a LNN | ||
| 041 | |a vie | ||
| 082 | |a 155 |b LE- N | ||
| 100 | |a Lê Minh Nghĩa | ||
| 245 | 0 | |a Giáo trình Triết học Mác - Lênin / |c Lê Minh Nghĩa, Trịnh Đình Bảy. | |
| 260 | |a -H : |b Chính tri quoc gia, |c 2005. | ||
| 300 | |a 20cm : |b 251tr;. | ||
| 500 | |a Bo giao duc va đao tạo |b Dung trong cac truong Đai Hoc va Cao Dang |c Triet hoc Mac-Lenin | ||
| 520 | |a Vai tro triet hoc trong đoi song xa hoi,vat chat ,y thuc,ly luan nhan thuc |b xa hoi va tu nhien,hinh thai kinh te xa hoi,nha nuoc va cach mang xa hoi |c giai cap dau tranh dan toc va mot so trao lưu triet hoc phuong Tay... | ||
| 650 | |a Triet hoc | ||
| 653 | |a Lê Minh Nghĩa,2005,Triet hoc Mac-Lenin | ||
| 700 | |a PGS.TS Vu Thinh |b TS.Tran Van Thuy |c GS.TS Nguyen Hưu Vui |d GS.TS Nguyen Ngoc Long.... | ||
| 801 | |a Tieng viet | ||
| OWN | |a LNN | ||
| AVA | |a UDN50 |b LNN |d 155 LE- N |e check_holdings |t Error 5003 Not defined in file expand_doc_bib_avail. |h N | ||
| 999 | |a From the UDN01 | ||
| AVA | |a UDN50 |b LNN |d 155 LE- N |e available |t Error 5001 Not defined in file expand_doc_bib_avail. |f 184 |g 3 |h N |i 39 | ||
| TYP | |a Monograph | ||
| TYP | |a Printed language | ||
| 980 | |a Mạng thư viện Đại học Đà Nẵng | ||